banner-ar

THE FAMILY RICE BOWL: FOOD AND THE DOMESTIC ECONOMY IN CHINA / (Record no. 13899)

MARC details
000 -الفاتح
حقل البيانات ثابتة الطول 00479nam a2200169Ia 4500
008 - عناصر البيانات ثابتة الطول - معلومات عامة
حقل البيانات ثابتة الطول 140319s9999 xx 000 0 eng d
040 ## - مصدر الفهرسة
وكالة الفهرسة الأصلية GCL /
وكالة النسخ GCL
082 04 - رقم تصنيف ديوى العشرى
رقم التصنيف 641.3951
رقم المادة C F
100 1# - المدخل الرئيسى - إسم شخصى
الإسم الشخصى CROLL, ELISABETH
245 10 - بيان العنوان
العنوان THE FAMILY RICE BOWL: FOOD AND THE DOMESTIC ECONOMY IN CHINA /
بيان المسئوليه,etc CROLL, ELISABETH
260 ## - PUBLICATION, DISTRIBUTION, ETC. (IMPRINT)
تاريخ النشر أو التوزيع 1982
300 ## - الوصف المادى
التعداد 372 P
650 04 - المدخل الاضافى بالموضوع-مصطلح موضوعى
مصطلح موضوعي FOOD
650 04 - المدخل الاضافى بالموضوع-مصطلح موضوعى
مصطلح موضوعي CHINA
942 ## - عناصر المدخل الإضافي( كوها)
مصدر التصنيف او مخطط الترفيف Dewey Decimal Classification
Koha [default] item type كتاب
260 ## - PUBLICATION, DISTRIBUTION, ETC. (IMPRINT)
-- [S.N] :
-- UNITED STATES RESEARCH INSTITUTE FOR SOC ،
Holdings
حالة التراجع حالة الفقد حالة تلف ليس للاعارة المكان المؤقت الموقع الحالى تاريخ الاكتساب اجمالي اﻻعارات رقم الطلب الباركود تاريخ اخر مشاهدة تاريخ تفعيل السعر نوع وعاء كوها
        مكتبة القاهرة الكبرى مكتبة القاهرة الكبرى 03/26/2014   641.3951\C F 26305 03/26/2014 03/26/2014 كتاب

Powered By

EGPV